| 000 | 01066cab a22001935a 4500 | ||
|---|---|---|---|
| 001 | L147750 | ||
| 008 | 090612e20090523xxk f 000 0 eng d | ||
| 035 | _a(Sirsi) u147750 | ||
| 041 | 0 | _aeng | |
| 100 | 1 | _aPartridge, Charles | |
| 245 | 0 | 0 | _aMore frequent revaluations needed |
| 260 | _c2009 | ||
| 490 |
_aEstates Gazette _v(0920) 23 May 2009, 94-96(3) |
||
| 520 | _aExplains the purpose behind the revaluation of Uniform Business Rates (UBR). This concerns the adjustment of liability in order to reflect the changing ability of an occupier to pay the tax. Changes in the ability to pay are reflected in changes in the rental value of property. Revaluations are currently carried out every five years. Suggests more regular revaluations such as every three years. Comments on Sir Terry Leahy's address to the British Council of Shopping Centres made in November 2008 to postpone the 2010 revaluation. See L147765 for arguments against the 2010 Revalution. | ||
| 590 | _aKA | ||
| 651 | 4 |
_aEngland and Wales _y1543- |
|
| 690 | _aPROPERTY-TAXATION | ||
| 942 | _n0 | ||
| 999 |
_c81630 _d81630 |
||